000 00666nam a2200229Ia 4500
001 dia_2094
003 CHAP
005 20230614102702.0
008 220117s1978 xx 000 0 und d
010 _a172631
040 _cCHAP
082 _a636.214 E8
100 _aEtgen, William M.
_938590
245 _aDairy Cattle Feeding and Management /
_c by William M. Etgen and Pau M. Reaves
260 _aNew York :
_b John Wiley & Sons,
_c1978
300 _a638 p.
650 _a1.Alimentación de ganado lechero.
_9152230
901 _a636.214 E8
902 _aM
905 _a0000001978 NY A 0000000000ENG00
942 _cLIBRO
_2ddc
999 _c172631
_d172631